• AIU
  • Tony Wilmot Memorial Library

The ministry of the Word. / (Record no. 25220)

MARC details
000 -LEADER
fixed length control field 00829nam a22002891a 4500
001 - CONTROL NUMBER
control field 7490805
005 - DATE AND TIME OF LATEST TRANSACTION
control field 20170705020002.0
008 - FIXED-LENGTH DATA ELEMENTS--GENERAL INFORMATION
fixed length control field 701117r19701919miu 000 0 eng
010 ## - LIBRARY OF CONGRESS CONTROL NUMBER
LC control number 73129056
-- 73129056
020 ## - INTERNATIONAL STANDARD BOOK NUMBER
International Standard Book Number 0801058589
035 ## - SYSTEM CONTROL NUMBER
System control number (OCoLC)ocm00100423
035 ## - SYSTEM CONTROL NUMBER
System control number (NPUdb)4806
040 ## - CATALOGING SOURCE
Original cataloging agency DLC
Transcribing agency DLC
Modifying agency m.c.
-- NPUdb
049 ## - LOCAL HOLDINGS (OCLC)
Holding library ICZ1
050 04 - LIBRARY OF CONGRESS CALL NUMBER
Classification number BV4010
Item number .M6 1970
082 0# - DEWEY DECIMAL CLASSIFICATION NUMBER
Classification number BV 4211.2.C64 1964
090 ## - LOCALLY ASSIGNED LC-TYPE CALL NUMBER (OCLC); LOCAL CALL NUMBER (OCLC)
Classification number (OCLC) (R) ; Classification number, CALL (RLIN) (NR) BV4010
Local cutter number (OCLC) ; Book number/undivided call number, CALL (RLIN) .M6 1970
100 1# - MAIN ENTRY--PERSONAL NAME
Fuller form of name (George Campbell),
-- cn.
100 1# - MAIN ENTRY--PERSONAL NAME
Personal name Coggan F.D.
245 14 - TITLE STATEMENT
Title The ministry of the Word. /
Statement of responsibility, etc F.D. Coggan,.
260 ## - PUBLICATION, DISTRIBUTION, ETC. (IMPRINT)
Place of publication, distribution, etc London :
Name of publisher, distributor, etc Lutterworth Press,
Date of publication, distribution, etc [1964.
300 ## - PHYSICAL DESCRIPTION
Extent 128 p. 20 cm.
490 0# - SERIES STATEMENT
Series statement Notable books on preaching
500 ## - GENERAL NOTE
General note Reprint of the 1919 ed. with a new introd. by Ralph G. Turnbull.
650 #0 - SUBJECT ADDED ENTRY--TOPICAL TERM
Topical term or geographic name as entry element Pastoral theology.
942 00 - ADDED ENTRY ELEMENTS (KOHA)
Koha issues (borrowed), all copies 2
Holdings
Withdrawn status Lost status Source of classification or shelving scheme Damaged status Not for loan Collection code Home library Current library Shelving location Date acquired Cost, normal purchase price Total Checkouts Total Renewals Full call number Barcode Date last seen Date checked out Copy number Price effective from Koha item type
    Library of Congress Classification     General Circulation AIU/NEGST - Tony Wilmot Memorial Library AIU/NEGST - Tony Wilmot Memorial Library General Stacks 10/17/2009 12.95 4 2 BV 4211.2.C64 1964 R52764L3232 12/11/2019 11/19/2019 1 10/17/2009 Books